Elegias de varones ilustres de indias / (Record no. 125537)
[ view plain ]
| 000 -LEADER | |
|---|---|
| fixed length control field | 00750cam a2200217 4500 |
| 008 - FIXED-LENGTH DATA ELEMENTS--GENERAL INFORMATION | |
| fixed length control field | 1944 spa |
| 050 #4 - LIBRARY OF CONGRESS CALL NUMBER | |
| Classification number | PQ6321 |
| Item number | .C48 C37 1944 |
| 100 1# - MAIN ENTRY--PERSONAL NAME | |
| Personal name | Castellanos, Juan de |
| 245 #0 - TITLE STATEMENT | |
| Title | Elegias de varones ilustres de indias / |
| Statement of responsibility, etc | Compuestas por Juan de Castellanos ; ordenadas e ilustradas Buenaventura Carlos Aribau. |
| 260 ## - PUBLICATION, DISTRIBUTION, ETC. (IMPRINT) | |
| Place of publication, distribution, etc | México: |
| Name of publisher, distributor, etc | Atlas, |
| Date of publication, distribution, etc | 1944 |
| 300 ## - PHYSICAL DESCRIPTION | |
| Extent | vi, 563 p. ; |
| Dimensions | 27 cm. |
| 440 #0 - SERIES STATEMENT/ADDED ENTRY--TITLE | |
| Title | Biblioteca de Autores Españoles: desde la formación del len- |
| 440 #0 - SERIES STATEMENT/ADDED ENTRY--TITLE | |
| Title | guaje hasta nuestros días ; 4 |
| 500 ## - GENERAL NOTE | |
| General note | 1 ejemplar |
| 650 #4 - SUBJECT ADDED ENTRY--TOPICAL TERM | |
| Topical term or geographic name as entry element | Literatura Española |
| 650 #4 - SUBJECT ADDED ENTRY--TOPICAL TERM | |
| Topical term or geographic name as entry element | Poesia lirica |
| 700 1# - ADDED ENTRY--PERSONAL NAME | |
| Personal name | Aribau, Buenaventura Carlos, |
| Relator term | ed |
| 942 ## - ADDED ENTRY ELEMENTS (KOHA) | |
| Source of classification or shelving scheme | Biblioteca del Cogreso de los Estados Unidos |
| Koha item type | Libro |
| Estado de pérdida | Fuente de clasificación | Estado del daño | No para préstamo | Ubicación permanente | Ubicación actual | Apartado o colección | Fecha de adquisición | Edición | Dependencia de educación superior (DES) | Área del conocimiento | Clasificación | Código de Barras | Date last seen | Número de copia | Costo por reposición | Tipo de recurso |
|---|---|---|---|---|---|---|---|---|---|---|---|---|---|---|---|---|
| No localizable | Biblioteca del Cogreso de los Estados Unidos | Biblioteca de la Facultad de Filosofía | Biblioteca de la Facultad de Filosofía | General | 10/02/2017 | 1a. ed. | Humanidades | Educación y Humanidades | PQ6321.C48 C37 1944 | BFF000021893 | 10/02/2017 | C.1 | 1.00 | Libro | ||
| Biblioteca del Cogreso de los Estados Unidos | Biblioteca de la Facultad de Filosofía | Biblioteca de la Facultad de Filosofía | General | 10/02/2017 | 1a. ed. | Humanidades | Educación y Humanidades | PQ6321.C48 C37 1944 | BFF000021894 | 10/02/2017 | C.1 | Libro |